LDR 00821naa#a2200181#i#450# 001 RU\\bibl\115868 005 20260429180802.3 011 ## _a0320-3557 100 ## _a20251220b2025####ek#y0rusy0150####ca 102 ## _aRU 200 1# _aК МОРФОЛОГИИ ДВУХ ВИДОВ РОДА SURIRELLA (BACILLARIOPHYTA) ИЗ УДМУРТИИ _eЖурнальная статья 210 1# _aБорок _cИнститут биологии внутренних вод им. И.Д. Папанина РАН _d2025 215 ## _a5 с. 608 ## _aЖурнальная статья _2local 675 ## _aBacillariophyta (Diatomeae). Диатомовые водоросли. 582.26 _aМорфология растений. 581.4 _z 700 #1 _aГенкал _gСергей Иванович 700 #1 _aГоськова _gС. М. 856 4# _aibiw.editorum.ru _u